|
|
|
|
| LEADER |
00000nam2a2200000 4500 |
| 001 |
371765 |
| 005 |
20231102012419.0 |
| 035 |
|
|
|a (RuTPU)RU\TPU\retro\29175
|
| 035 |
|
|
|a RU\TPU\retro\29168
|
| 090 |
|
|
|a 371765
|
| 100 |
|
|
|a 20221110d1904 m y0rusy50 ca
|
| 101 |
1 |
|
|a rus
|c ger
|
| 102 |
|
|
|a RU
|
| 105 |
|
|
|a a z 001zy
|
| 200 |
0 |
|
|a Т. 2
|e с 694 рисунками в тексте, 2 картами в красках, 10 хромолитографиями и 6 резанными на дереве картинами
|f под ред. А. А. Иностранцева ; перераб и доп. В. Улиг ; дополнения В. В. Ламанского, А. П. Нечаева
|
| 210 |
|
|
|d 1904
|
| 215 |
|
|
|a 848 с.
|c ил.
|
| 300 |
|
|
|a Текст в русской дореформенной орфографии
|
| 300 |
|
|
|a Дозволено цензурою. С.-Петербург, 5 марта 1900 г.
|
| 320 |
|
|
|a Библиогр. указ. главнейших сочинений по геологии России: с. 799-807
|
| 320 |
|
|
|a Алф. указ. авт.: с. 808-811
|
| 320 |
|
|
|a Указ. латинских назв.: с. 812-819
|
| 320 |
|
|
|9 572
|a Указ. предм. и геогр.: с. 820-848
|
| 461 |
|
1 |
|0 (RuTPU)RU\TPU\retro\29170
|t История Земли
|o пер. с нем.
|o [в 2 т.]
|f М. Неймайр (Ноймайр)
|v Т. 2
|e Пер. со 2-го немецкого изд., перераб. и доп.
|d 1904
|
| 606 |
1 |
|
|a Геология
|2 stltpush
|3 (RuTPU)RU\TPU\subj\6095
|9 34054
|
| 610 |
1 |
|
|a историческая геология
|
| 610 |
1 |
|
|a геологические отложения
|
| 610 |
1 |
|
|a геологические слои
|
| 610 |
1 |
|
|a геологические системы
|
| 610 |
1 |
|
|a геологическое прошлое
|
| 610 |
1 |
|
|a топографическая геология
|
| 610 |
1 |
|
|a полезные ископаемые
|
| 610 |
1 |
|
|a камни
|
| 610 |
1 |
|
|a металлы
|
| 610 |
1 |
|
|a руды
|
| 610 |
1 |
|
|a соли
|
| 610 |
1 |
|
|a горючие ископаемые
|
| 610 |
1 |
|
|a Россия
|
| 610 |
1 |
|
|a геологические карты
|
| 675 |
|
|
|a 55
|v 3
|
| 702 |
|
1 |
|a Иностранцев
|b А. А.
|c петрограф
|c палеонтолог
|f 1843-1919
|g Александр Александрович
|2 stltpush
|3 (RuTPU)RU\TPU\pers\22066
|4 340
|9 9347
|
| 702 |
|
1 |
|a Улиг
|b В.
|4 570
|
| 702 |
|
1 |
|a Ламанский
|b В. В.
|4 770
|
| 702 |
|
1 |
|a Нечаев
|b А. П.
|4 770
|
| 801 |
|
1 |
|a RU
|b 63413507
|c 20221110
|
| 801 |
|
2 |
|a RU
|b 63413507
|c 20221110
|g RCR
|
| 942 |
|
|
|c BK
|